<?xml version="1.0" encoding="UTF-8"?><?xml-stylesheet type="text/xsl" href="static/style.xsl"?><OAI-PMH xmlns="http://www.openarchives.org/OAI/2.0/" xmlns:xsi="http://www.w3.org/2001/XMLSchema-instance" xsi:schemaLocation="http://www.openarchives.org/OAI/2.0/ http://www.openarchives.org/OAI/2.0/OAI-PMH.xsd"><responseDate>2026-04-13T05:58:38Z</responseDate><request verb="GetRecord" identifier="oai:www.recercat.cat:11351/12774" metadataPrefix="marc">https://recercat.cat/oai/request</request><GetRecord><record><header><identifier>oai:recercat.cat:11351/12774</identifier><datestamp>2025-10-24T10:44:20Z</datestamp><setSpec>com_2072_378070</setSpec><setSpec>com_2072_378040</setSpec><setSpec>col_2072_378092</setSpec></header><metadata><record xmlns="http://www.loc.gov/MARC21/slim" xmlns:dcterms="http://purl.org/dc/terms/" xmlns:xsi="http://www.w3.org/2001/XMLSchema-instance" xmlns:doc="http://www.lyncode.com/xoai" xsi:schemaLocation="http://www.loc.gov/MARC21/slim http://www.loc.gov/standards/marcxml/schema/MARC21slim.xsd">
   <leader>00925njm 22002777a 4500</leader>
   <datafield ind2=" " ind1=" " tag="042">
      <subfield code="a">dc</subfield>
   </datafield>
   <datafield ind2=" " ind1=" " tag="720">
      <subfield code="a">Thunnissen, Erik</subfield>
      <subfield code="e">author</subfield>
   </datafield>
   <datafield ind2=" " ind1=" " tag="720">
      <subfield code="a">Blaauwgeers, Hans</subfield>
      <subfield code="e">author</subfield>
   </datafield>
   <datafield ind2=" " ind1=" " tag="720">
      <subfield code="a">Filipello, Federica</subfield>
      <subfield code="e">author</subfield>
   </datafield>
   <datafield ind2=" " ind1=" " tag="720">
      <subfield code="a">Lissenberg-Witte, Birgit</subfield>
      <subfield code="e">author</subfield>
   </datafield>
   <datafield ind2=" " ind1=" " tag="720">
      <subfield code="a">Minami, Yuko</subfield>
      <subfield code="e">author</subfield>
   </datafield>
   <datafield ind2=" " ind1=" " tag="720">
      <subfield code="a">Noguchi, Masayuki</subfield>
      <subfield code="e">author</subfield>
   </datafield>
   <datafield ind2=" " ind1=" " tag="720">
      <subfield code="a">SANSANO, IRENE</subfield>
      <subfield code="e">author</subfield>
   </datafield>
   <datafield ind2=" " ind1=" " tag="260">
      <subfield code="c">2025-03-17T12:47:09Z</subfield>
   </datafield>
   <datafield ind2=" " ind1=" " tag="260">
      <subfield code="c">2025-03-17T12:47:09Z</subfield>
   </datafield>
   <datafield ind2=" " ind1=" " tag="260">
      <subfield code="c">2024</subfield>
   </datafield>
   <datafield ind2=" " ind1=" " tag="260">
      <subfield code="c">2025-01</subfield>
   </datafield>
   <datafield ind2=" " ind1=" " tag="520">
      <subfield code="a">Pulmonary adenocarcinoma; Classification; Biomarkers</subfield>
   </datafield>
   <datafield ind2=" " ind1=" " tag="520">
      <subfield code="a">Adenocarcinoma pulmonar; Classificació; Biomarcadors</subfield>
   </datafield>
   <datafield ind2=" " ind1=" " tag="520">
      <subfield code="a">Adenocarcinoma pulmonar; Clasificación; Biomarcadores</subfield>
   </datafield>
   <datafield ind2=" " ind1=" " tag="520">
      <subfield code="a">Objectives&#xd;
Evaluating invasion in non-mucinous adenocarcinoma (NMA) of the lung is crucial for accurate pT-staging. This study compares the World Health Organization (WHO) with a recently modified NMA classification.&#xd;
Materials and Methods&#xd;
A retrospective case-control study was conducted on small NMA pT1N0M0 cases with a 5-year follow-up. Seventy cases were reviewed by 42 pulmonary pathologists first according to the WHO classification and after tutorial according to a modified classification. A third round was conducted based on feedback from 41 peers of previous rounds. Additionally, orthogonal biomarker analysis was performed.&#xd;
Results&#xd;
In the first two rounds, 42 pathologists from 13 countries assessed all 70 cases, while 36 pathologists evaluated 41 non-unanimous cases in the third round. Kappa values for invasiveness increased in rounds 1, 2, and 3 to 0.27, 0.45 and 0.62, respectively. In contrast to low variation in total tumor size measurements (6 %), a marked increase in invasive tumor size variation was observed (42 %), which was associated with high uncertainty. In the third round 10 cases were non-invasive, all without recurrence. The modified classification showed in the 3rd round marked reduction of the variation in pT staging compared to the current WHO classification. Proliferation rate, tumor mutational burden, and transcriptomic profiles supported the distinction between invasive cases and non-invasive cases of the modified classification.&#xd;
Conclusion&#xd;
The modified classification demonstrates essentially higher reproducibility compared to the current WHO classification in NMA. The modified classification proves valuable in identifying low-risk lesions that are entirely non-invasive, and is supported by biomarker analysis.</subfield>
   </datafield>
   <datafield ind1="8" ind2=" " tag="024">
      <subfield code="a">http://hdl.handle.net/11351/12774</subfield>
   </datafield>
   <datafield tag="653" ind2=" " ind1=" ">
      <subfield code="a">Marcadors tumorals</subfield>
   </datafield>
   <datafield tag="653" ind2=" " ind1=" ">
      <subfield code="a">Pulmons - Càncer</subfield>
   </datafield>
   <datafield tag="653" ind2=" " ind1=" ">
      <subfield code="a">Adenocarcinoma</subfield>
   </datafield>
   <datafield tag="653" ind2=" " ind1=" ">
      <subfield code="a">Classificació</subfield>
   </datafield>
   <datafield tag="653" ind2=" " ind1=" ">
      <subfield code="a">DISEASES::Neoplasms::Neoplasms::Neoplasms by Site::Thoracic Neoplasms::Respiratory Tract Neoplasms::Lung Neoplasms::Adenocarcinoma of Lung</subfield>
   </datafield>
   <datafield tag="653" ind2=" " ind1=" ">
      <subfield code="a">DISEASES::Neoplasms::Neoplastic Processes::Neoplasm Invasiveness</subfield>
   </datafield>
   <datafield tag="653" ind2=" " ind1=" ">
      <subfield code="a">CHEMICALS AND DRUGS::Biological Factors::Biomarkers::Biomarkers, Tumor</subfield>
   </datafield>
   <datafield tag="653" ind2=" " ind1=" ">
      <subfield code="a">PUBLIC HEALTH::Epidemiology and Biostatistics::Biostatistics::Health Classifications</subfield>
   </datafield>
   <datafield tag="653" ind2=" " ind1=" ">
      <subfield code="a">ENFERMEDADES::neoplasias::neoplasias::neoplasias por localización::neoplasias torácicas::neoplasias del tracto respiratorio::neoplasias pulmonares::adenocarcinoma de pulmón</subfield>
   </datafield>
   <datafield tag="653" ind2=" " ind1=" ">
      <subfield code="a">ENFERMEDADES::neoplasias::procesos neoplásicos::invasividad neoplásica</subfield>
   </datafield>
   <datafield tag="653" ind2=" " ind1=" ">
      <subfield code="a">COMPUESTOS QUÍMICOS Y DROGAS::factores biológicos::biomarcadores::marcadores tumorales</subfield>
   </datafield>
   <datafield tag="653" ind2=" " ind1=" ">
      <subfield code="a">SALUD PÚBLICA::epidemiología y bioestadística::bioestadística::clasificaciones en salud</subfield>
   </datafield>
   <datafield ind2="0" ind1="0" tag="245">
      <subfield code="a">A reproducibility study on invasion in small pulmonary adenocarcinoma according to the WHO and a modified classification, supported by biomarkers</subfield>
   </datafield>
</record></metadata></record></GetRecord></OAI-PMH>